Disney Lyrics Quiz 2 - Statistics

General Stats
  • This quiz has been taken 141 times
  • The average score is 132 of 216
Answer Stats
Answer % Correct
a
97%
A
97%
(A
97%
I
97%
the
93%
you
93%
an
88%
and
83%
me
83%
can
80%
be
79%
be)
79%
it
79%
when
79%
your
79%
go
76%
to
75%
where
73%
in
72%
On
72%
No
71%
no,
71%
of
68%
us
67%
let
65%
Let
65%
so
65%
world
65%
world)
65%
I'm
64%
new
64%
see
64%
show
64%
tell
64%
whole
64%
it's
63%
heart
61%
one
61%
That
61%
we're
61%
with
61%
With
61%
by
60%
magic
60%
up
59%
wonder
59%
did
58%
eyes
58%
eyes)
58%
Now,
58%
now,
58%
Now
58%
open
58%
or
58%
Or
58%
Take
58%
carpet
57%
last
57%
only
57%
point
57%
princess
57%
say
57%
view
57%
here,
56%
ride
56%
under
56%
decide?
55%
dreaming
55%
fantastic
55%
For
55%
never
55%
place
55%
knew
54%
way
54%
Over,
53%
shimmering
53%
clear
52%
splendid
52%
crystal
51%
Shining
51%
sideways
51%
dazzling
50%
like
50%
(Don't
49%
close
47%
sky
46%
But
45%
dare
44%
I've
42%
diamond
41%
feeling
41%
Unbelievable
41%
come
40%
sights
40%
tumbling
40%
back
39%
can't
39%
endless
39%
far
39%
freewheeling
39%
Indescribable
39%
star,
39%
this
38%
Soaring
37%
Through
37%
(Every
36%
I'll
36%
shooting
35%
them
35%
time
35%
chase
34%
chase,
34%
we'll
34%
used
33%
share
32%
That's
31%
(That's
31%
moment
28%
better)
27%
thrilling
27%
anywhere,
26%
(hold
26%
horizons
26%
letter
26%
red
26%
spare
26%
there's
26%
things
26%
gets
25%
hundred
24%
surprise)
23%
breath
22%
turn
22%
wondrous
22%
pursue
16%
thousands
10%
No matching quizzes found
Score Distribution
Percent of People with Each Score
Percentile by Number Answered
Your Score History
You have not taken this quiz